00773nam a2200229 a 4500003000400000005001700004008004100021020001800062040002400080041000800104082001400112110003700126245008200163250001200245260005200257300001100309440004700320500003900367546005400406653004600460653003700506OSt20190621112229.0131024s1993 sz ||||| |||| 00| 0 eng d a92-4-157137-3 cBiblioteca Medicina aeng aOMS QT 34 aOrganizacion Mundial de la Salud00aEnvironmental Health Criteria 137: Electromagnetic Fields (300 Hz to 300 GHz) a1º ed. aGinebrabOrganizacion Mundial de la Saludc1993 a290 p.00aInternational Programme on Chemical Safety aBaja Depósito Caja 31 Junio 2019 aTexto e ingles, resumen y conclusion en español aCAMPOS ELECTROMAGNETICOS-EFECTOS ADVERSOS aEXPOSICION A RIESGOS AMBIENTALES